00000000nam 2200000zi 4500
0019.941287
003CaOODSP
00520250124095104
006m     o  d f      
007cr cn|||||||||
008240730e20070426oncad   o    f000 0 eng d
040 |aCaOODSP|beng|erda|cCaOODSP
043 |an-cn---
0861 |aEn4-741/2007E-PDF
24500|aEcoaction = Écoaction.
264 1|a[Ottawa] : |bEnvironment Canada, |cApril 26, 2007.
300 |a1 online resource (1 volume (various pagings)) : |billustrations, graphs
336 |atext|btxt|2rdacontent
337 |acomputer|bc|2rdamedia
338 |aonline resource|bcr|2rdacarrier
500 |aCover title.
500 |aIssued also in French under title: Ecoaction = Écoaction.
500 |aDigitized edition from print [produced by Environment and Climate Change Canada].
520 |a"The Regulatory Framework for Air Emissions is one of the main features of our ambitious agenda to tackle climate change and clean up the air we breathe. Consistent with the polluter-pays principle, our Regulatory Framework includes strong short-term regulatory targets to reduce air emissions from major industries, including the following sectors: electricity produced by combustion; oil and gas; forest products; smelting and refining; iron and steel; cement, lime, and chemicals production; some mining sectors"--Backgrounder, the Regulatory Framework for Air Emissions.
650 0|aAir|xPollution|xGovernment policy|zCanada.
650 0|aAir quality management|xGovernment policy|zCanada.
650 0|aClimatic changes|xGovernment policy|zCanada.
650 0|aGreenhouse gas mitigation|xGovernment policy|zCanada.
650 0|aEnergy conservation|xGovernment policy|zCanada.
7101 |aCanada. |bEnvironment Canada, |eissuing body.
77508|tEcoaction = Écoaction.|w(CaOODSP)9.947334
85640|qPDF|s3.68 MB|uhttps://publications.gc.ca/collections/collection_2025/eccc/en4/En4-741-2007-eng.pdf